000 00545nam a2200193Ia 4500
003 GCL
008 140319s9999 xx 000 0 ara d
040 _aGCL /
_cGCL
082 0 4 _a956.91
_bم م
100 1 _aمحمد محمد شراب
245 1 0 _aمعجم بلدان فلسطين /
_cمحمد محمد شراب
300 _a768 ص
490 _a
650 0 4 _aالاحتلال الصهيونى
650 0 4 _aالمدن العربية
650 0 4 _aفلسطين - تاريخ
650 0 4 _aالمدن - فلسطين
942 _2ddc
_cBK
999 _c40885
_d40885